00470nam a2200121Ia 4500008004100000100001500041245006700056245004800123650001300171856007200184999001900256952007300275170221s9999 xx 000 0 und d aAdam Steen aMarket Failure, Regulation and Education of Financial Advisors cAdam Steen, Dianne McGrath, and Alfred Wong xBusiness uhttp://ro.uow.edu.au/cgi/viewcontent.cgi?article=1675&context=aabfj c307729d307729 001040aCLbCLd2017-02-21l0r2017-02-21 00:00:00w2017-02-21yFOJ